Indahnya tasawuf dan hidup sufi

Bibliographic Details
Main Author: Yusri Abd. Karim
Format: Book
Published: Selangor : Yamani Angle Sdn. Bhd , 2011
Subjects:

MARC

LEADER 00000cam a2200000 7i4500
001 0000038802
005 20131121.0
008 131121
020 |a 9675370427 
090 0 0 |a 297.577   |b YUS 
100 0 |a Yusri Abd. Karim 
245 1 0 |a Indahnya tasawuf dan hidup sufi   |c Ustaz Yusri Abd. Karim 
260 |a Selangor :   |b Yamani Angle Sdn. Bhd ,   |c 2011 
650 0 |a Husband and wife   |x Religious life 
999 |a 0001246228   |b Book   |c Adult Collection   |e Cawangan Mersing 
999 |a 0001246230   |b Book   |c Adult Collection   |e Cawangan Bandar Tenggara 
999 |a 0001246231   |b Book   |c Adult Collection   |e Cawangan Muar 
999 |a 0001246233   |b Book   |c Adult Collection   |e Cawangan Bukit Gambir 
999 |a 0001246235   |b Book   |c Adult Collection   |e Cawangan Tmn. Ungku Tun Aminah 
999 |a 0001249011   |b Book   |c Adult Collection   |e Perbadanan Perpustakaan Awam Johor 
999 |a 0001249012   |b Book   |c Adult Collection   |e Perbadanan Perpustakaan Awam Johor